000
00218nmm a2200073Ia 4500
008
220120s9999||||xx |||||||||||||||||und||
100
_a
DIGIT-NOV-2009
245
0
_a
300 plus applications including office tools, fortable appli
999
_c
139430
_d
139430